000 00614nam a22001937a 4500
999 _c174854
_d174854
005 20200716112133.0
010 _aB-122958
020 _c350.00
_a-
035 _aB-122958
037 _bBPPD/PUB
_a-
082 _aک
100 _aسعا د ت حسن منٹو
245 _aکليا ت منٹو
_cسعا د ت حسن منٹو
246 _bKulliyat-e-Manto (Urdu)
_aby Saadat Hasan manto
260 _aDelhi
_bEducational publishing House
_c2005 ء
270 _a3108,Vakil Street,Kucha Pandit,Lal Kuan,
_bDelhi
_e110006
_k23216162
_l-
300 _a727 ص
_c22 Cm(Hb)
942 _2ddc
_cUR
_hک
_mم ن ٹ